Normal view MARC view

Entry Topical Term

Number of records used in: 1

001 - CONTROL NUMBER

  • control field: 6358

003 - CONTROL NUMBER IDENTIFIER

  • control field: OSt

005 - DATE AND TIME OF LATEST TRANSACTION

  • control field: 20151127135337.0

008 - FIXED-LENGTH DATA ELEMENTS

  • fixed length control field: 151127|| aca||aabn | a|a d

040 ## - CATALOGING SOURCE

  • Original cataloging agency: OSt
  • Transcribing agency: OSt

150 ## - HEADING--TOPICAL TERM

  • Topical term or geographic name entry element: Education Modernity.

670 ## - SOURCE DATA FOUND

  • Source citation: Work cat.: (OSt): Oliver W.Donald;Gershman,Kathleen Waldron. 6357, Education Modernity and Fractured Meaning;, 1989.